|
|
|
|
| LEADER |
00000ncm a2200000 a 4500 |
| 001 |
vtls010512164 |
| 003 |
SK-MaSNL |
| 005 |
20260331205452.0 |
| 007 |
qu |
| 008 |
180813s1957 xo zzceg u slo |
| 020 |
|
|
|q (brož.)
|
| 040 |
|
|
|a SNK
|b slo
|c SNK
|e AACR2
|
| 041 |
0 |
|
|a slo
|
| 044 |
|
|
|a xo
|c SK
|
| 048 |
|
|
|a ka01
|
| 072 |
|
7 |
|a 786
|x Hudba pre klávesové nástroje
|2 konspekt
|
| 080 |
|
|
|a 786.2.02:371.671
|2 2001
|
| 080 |
|
|
|a 786.2.02
|2 2001
|
| 080 |
|
|
|a 78.089.6
|2 2001
|
| 080 |
|
|
|a (075)781
|2 2001
|
| 084 |
|
|
|a 1.1.4
|2 snlmc
|
| 100 |
1 |
|
|a Czerny, Carl,
|d 1791-1857
|4 cmp
|9 109122
|
| 245 |
1 |
0 |
|a Predbežná škola zručnosti
|h hudobnina
|b op. 849, piano solo
|c Carl Czerny
|
| 246 |
1 |
1 |
|a Études de mécanisme
|
| 254 |
|
|
|a Partitúra
|
| 260 |
|
|
|a Bratislava
|b Slovenské vydavateľstvo krásnej literatúry
|c 1957
|
| 300 |
|
|
|a 1 partitúra (55 s.)
|c 30 cm
|
| 382 |
|
|
|a klavír
|
| 490 |
1 |
|
|a Klavír pre dve ruky
|
| 490 |
1 |
|
|a Edícia pedagogickej a inštruktívnej hudby
|
| 650 |
0 |
7 |
|a školy (klavír)
|2 SNKPH
|9 325868
|
| 650 |
0 |
7 |
|a hra na klavíri
|2 SNKPH
|9 16125
|
| 655 |
|
7 |
|a partitúry pre sólový nástroj
|2 SNKPH
|9 70508
|
| 655 |
|
7 |
|a učebnice hudobných škôl
|2 SNKPH
|9 92313
|
| 830 |
|
0 |
|a Klavír pre dve ruky
|9 485259
|
| 830 |
|
0 |
|a Edícia pedagogickej a inštruktívnej hudby
|9 400281
|
| 958 |
|
|
|a OND
|
| 999 |
|
|
|c 925321
|d 927251
|
| 952 |
|
|
|a SNK
|b SNK
|y PREZ
|7 0
|p 17A1068920
|o snkHSB 4538
|i snk2013/11545
|8 3
|g 7.50
|0 0
|1 0
|4 0
|d 2013-05-21
|l 0
|r 2026-02-24 08:30:08
|w 2026-02-24
|
| 952 |
|
|
|a SNK
|b SNK
|y VYP
|7 0
|p 17A1125710
|o snkHSB 4538 D1
|i snk2017/23235
|8 1
|0 0
|1 0
|4 0
|d 2017-10-23
|l 0
|r 2026-02-24 08:30:08
|w 2026-02-24
|